000 00804cam a22001934a 4500
005 20250605164012.0
008 250528s ||||||||||||||||||||||||d
035 _a15988
020 _a415011515
040 _aGR-AtMCL
_bgre
_dGR-AtMCL
_eAACR2
245 1 _aConsumption, Identity, and Style / Marketing, Meanings, and the Packaging of Pleasure
260 _bRouledge,
_c1991
300 _a244
520 _aThis book sets out to explore the role of Consumer Culture in the Contemporary Political Economy. Preface, Introduction: Consumer Culture and the Aura of the Commodity, Trends in Consumption and Leasure, The Visual Media and Consumption, Consumer Culture(s) and the Market - some Case Studies, Index.
700 1 _aTomlinson Alan
_92039
942 _cBK
999 _c1534
_d1534